Arte de los metales (Record no. 6359)
[ view plain ]
| 000 -LEADER | |
|---|---|
| campo de control de longitud fija | 01258nam a2200253 i 4500 |
| 001 - NÚMERO DE CONTROL | |
| campo de control | 6359 |
| 003 - IDENTIFICADOR DE NÚMERO DE CONTROL | |
| campo de control | ES-MaACL |
| 005 - FECHA Y HORA DE LA ÚLTIMA TRANSACCIÓN | |
| campo de control | 20250618143136.0 |
| 007 - CAMPO FIJO DE DESCRIPCIÓN FÍSICA--INFORMACIÓN GENERAL | |
| campo de control de longitud fija | t| |
| 008 - DATOS DE LONGITUD FIJA--INFORMACIÓN GENERAL | |
| campo de control de longitud fija | 890926s1977 sp ||||1| spa d |
| 020 ## - NÚMERO INTERNACIONAL ESTÁNDAR DEL LIBRO | |
| Número Internacional Estándar del Libro | 84-400-3098-3 |
| 080 ## - NÚMERO DE LA CLASIFICACIÓN DECIMAL UNIVERSAL | |
| Número de la Clasificación Decimal Universal | 622.7(02)"16" |
| 100 1# - ENTRADA PRINCIPAL--NOMBRE DE PERSONA | |
| Nombre de persona | Alonso Barba, Alvaro. |
| 9 (RLIN) | 20260 |
| 245 10 - MENCIÓN DEL TÍTULO | |
| Título | Arte de los metales |
| Resto del título | : en que se enseña el verdadero beneficio de los de oro, y plata por azogue : el modo de fundirlos todos, y como se han de refinar, y apartar unos de otros / |
| Mención de responsabilidad, etc. | compuesto por Alvaro Alonso Barba. Nuevamente ahora añadido con el Tratado de las antiguas minas de España / que escribio Alonso Carrillo y Laso. |
| 260 ## - PUBLICACIÓN, DISTRIBUCIÓN, ETC. | |
| Lugar de publicación, distribución, etc. | [S.l. : |
| Nombre del editor, distribuidor, etc. | s.n.], |
| Fecha de publicación, distribución, etc. | 1977 ( |
| Lugar de fabricación/manufactura | Barcelona : |
| Fabricante | Aleu) |
| 300 ## - DESCRIPCIÓN FÍSICA | |
| Extensión | [12], [8], 228 p. ; |
| Dimensiones | 28 cm. |
| 500 ## - NOTA GENERAL | |
| Nota general | Reed. de la ed. facs. de Madrid (1932), que reproduce la ed. de 1770. |
| 500 ## - NOTA GENERAL | |
| Nota general | Reprod. facs. de la port. de la ed. principe de 1640. |
| 500 ## - NOTA GENERAL | |
| Nota general | Reed. patrocinada por Union Explosivos Rio Tinto para el bicentenario de la fundacion de la Escuela Tecnica Superior de Ingenieros de Minas. |
| 650 ## - PUNTO DE ACCESO ADICIONAL DE MATERIA--TÉRMINO DE MATERIA | |
| Término de materia o nombre geográfico como elemento de entrada | Minerales- |
| Subdivisión general | Preparación. |
| 9 (RLIN) | 176296 |
| 700 1# - ENTRADA AGREGADA--NOMBRE PERSONAL | |
| Nombre de persona | Carrillo Lasso, Alonso, |
| Fechas asociadas al nombre | 1582-1628 |
| 9 (RLIN) | 35777 |
| 852 ## - LOCALIZACIÓN | |
| Ubicación | ES-MaACL |
| Número de control de estantería | L-13507 |
| Sublocalización o colección | R.117043 |
| Nota libre | . - rust. |
| Estatus retirado | Estado de pérdida | Estado de daño | No para préstamo | Biblioteca de origen | Biblioteca actual | Ubicación en estantería | Fecha de adquisición | Fuente de adquisición | Total de préstamos | Signatura topográfica completa | Código de barras | Visto por última vez | Precio de reemplazo | Tipo de ítem Koha |
|---|---|---|---|---|---|---|---|---|---|---|---|---|---|---|
| Biblioteca del Ateneo de Madrid | Biblioteca del Ateneo de Madrid | Depósito 2 | 17/01/2008 | L-13507 | 1006473 | 23/02/2023 | 23/02/2023 | Libro impreso |
